000 00492nam a22001817a 4500
005 20251108164016.0
008 250721s1988 xx 000 0 ara d
082 1 4 _a137/ايز
100 1 _aايزنك، هـ . ج
245 1 0 _aتعرف على شخصيتك /
264 1 _aدمشق :
_bدار الجليل،
_c1988.
300 _a152ص
650 1 7 _aالشخصية
700 1 _aولسون، غلن
700 1 _aكاتب، أندريه
_eترجمة
942 _2ddc
_cBK
999 _c1313
_d1313